[Event "PRVA LIGA CENTRALNE SRBIJE 2014"]
[Site "Kraljevo"]
[Date "2014.09.15"]
[Round "4.1"]
[White "Petkov, Vladimir"]
[Black "Milanovic, Slavisa"]
[Result "1-0"]
[WhiteElo "2531"]
[BlackElo "2418"]
[PlyCount "67"]
[EventDate "2014.09.13"]

1. d4 Nf6 2. c4 e6 3. Nc3 Bb4 4. Nf3 c5 5. g3 cxd4 6. Nxd4 Ne4 7. Qc2 Qa5 8.
Bg2 Nxc3 9. O-O Nxe2+ 10. Qxe2 O-O 11. a3 Nc6 12. Be3 Nxd4 13. Bxd4 Be7 14. c5
d6 15. cxd6 Bxd6 16. Rfd1 Be7 17. b4 Qa4 18. Be4 a5 19. Bb2 Qe8 20. b5 a4 21.
Rac1 Ra5 22. Bd3 Bd7 23. Qg4 f6 24. Rc7 Rf7 25. Bc4 f5 26. Qf3 Bc8 27. Re1 Ra8
28. Rxc8 Rxc8 29. Bxe6 Rc2 30. Ba1 Qxb5 31. Qh5 Qe8 32. Bxf5 g6 33. Bxg6 hxg6
34. Qh8# 1-0

[Event "PRVA LIGA CENTRALNE SRBIJE 2014"]
[Site "Kraljevo"]
[Date "2014.09.15"]
[Round "4.1"]
[White "Lapcevic, Milos"]
[Black "Paunovic, Tomislav"]
[Result "1-0"]
[WhiteElo "2377"]
[BlackElo "2341"]
[PlyCount "113"]
[EventDate "2014.09.13"]

1. d4 d5 2. c4 c6 3. Nf3 Nf6 4. Nc3 a6 5. e3 b5 6. c5 g6 7. Ne5 Bg7 8. Be2 O-O
9. f4 Nfd7 10. O-O Nxe5 11. fxe5 f6 12. exf6 exf6 13. e4 b4 14. Na4 dxe4 15.
Bc4+ Kh8 16. Bf4 Nd7 17. Bd6 Re8 18. Bf7 Re7 19. Qb3 f5 20. Rad1 e3 21. Rfe1 f4
22. Bxf4 Qf8 23. Bd6 Qxf7 24. Bxe7 Qxe7 25. Rxe3 Qf8 26. Qxb4 Nf6 27. Nb6 Rb8
28. Qa4 Bg4 29. Rf1 Bf5 30. h3 h5 31. Qxc6 Rd8 32. d5 Ng8 33. Kh1 Bd4 34. Re6
Qxc5 35. Rc1 Qxb6 36. Qxb6 Bxb6 37. Rxb6 Rxd5 38. Re1 Kg7 39. Rxa6 Rd2 40. Rb6
h4 41. a4 Nf6 42. Re7+ Kf8 43. Rc7 Nd7 44. Rb4 Ke7 45. a5 Kd6 46. Rc1 Be6 47.
Rxh4 Rxb2 48. Ra1 Nf6 49. Rh6 Bf5 50. Ra4 Ne4 51. a6 Ng3+ 52. Kh2 Nf1+ 53. Kg1
Ne3 54. a7 Rxg2+ 55. Kh1 Rf2 56. a8=Q Rf1+ 57. Kh2 1-0

[Event "PRVA LIGA CENTRALNE SRBIJE 2014"]
[Site "Kraljevo"]
[Date "2014.09.15"]
[Round "4.1"]
[White "Manic, Jovica"]
[Black "Blesic, Vaso"]
[Result "1/2-1/2"]
[WhiteElo "2254"]
[BlackElo "2366"]
[PlyCount "82"]
[EventDate "2014.09.13"]

1. d4 Nf6 2. Nf3 e6 3. Bf4 c5 4. e3 b6 5. Nbd2 Be7 6. Nc4 d5 7. Nce5 O-O 8. c3
Ne4 9. Nd2 f6 10. Nef3 f5 11. Nxe4 dxe4 12. Nd2 Nc6 13. Bb5 Bd7 14. Qe2 Qe8 15.
a4 cxd4 16. exd4 g5 17. Be5 Nxe5 18. dxe5 a6 19. Bxd7 Qxd7 20. Nc4 Qc7 21. O-O
Rfc8 22. b3 Rd8 23. Rfd1 Rd5 24. Qe3 Rxd1+ 25. Rxd1 Rd8 26. Nd6 Qc5 27. Qxc5
bxc5 28. Kf1 Rb8 29. Rb1 Bxd6 30. exd6 Kf8 31. b4 Ke8 32. b5 axb5 33. Rxb5 Rxb5
34. axb5 Kd7 35. c4 Kxd6 36. Ke2 f4 37. g4 e5 38. h3 h6 39. f3 e3 40. Kd3 Ke6
41. Ke2 Kd6 1/2-1/2

[Event "PRVA LIGA CENTRALNE SRBIJE 2014"]
[Site "Kraljevo"]
[Date "2014.09.15"]
[Round "4.1"]
[White "Ivanovic, Dragutin"]
[Black "Todorovic, Bojan"]
[Result "1/2-1/2"]
[WhiteElo "2339"]
[BlackElo "2344"]
[PlyCount "102"]
[EventDate "2014.09.13"]

1. d4 Nf6 2. c4 g6 3. Nc3 Bg7 4. e4 d6 5. f3 O-O 6. Bg5 c5 7. d5 e6 8. Qd2 exd5
9. cxd5 a6 10. a4 Nbd7 11. Nge2 Qa5 12. Ra3 Ne5 13. Ng3 Qb4 14. Na2 Qxd2+ 15.
Bxd2 Nfd7 16. Nc3 c4 17. f4 Nd3+ 18. Bxd3 cxd3 19. O-O h5 20. Be3 h4 21. Nh1 f5
22. Nf2 Re8 23. e5 dxe5 24. Nxd3 e4 25. Nf2 Rb8 26. Rd1 Bf8 27. Raa1 Bd6 28. g3
Kf7 29. Rab1 Nf6 30. Nh3 Bd7 31. Ng5+ Ke7 32. Bd4 Rbc8 33. Be5 Rf8 34. Rbc1
hxg3 35. hxg3 Ng4 36. Bxd6+ Kxd6 37. Rd4 b5 38. axb5 axb5 39. b4 Ne3 40. Ncxe4+
fxe4 41. Nxe4+ Ke7 42. d6+ Kd8 43. Nc5 Nf5 44. Rd3 Rb8 45. Ra1 Re8 46. Ra7 Bc6
47. Rc7 Be4 48. Ra3 Ra8 49. Rd7+ Kc8 50. Rc7+ Kd8 51. Rd7+ Kc8 1/2-1/2

[Event "PRVA LIGA CENTRALNE SRBIJE 2014"]
[Site "Kraljevo"]
[Date "2014.09.15"]
[Round "4.1"]
[White "Nikolic, Boban"]
[Black "Ratkovic, Milovan"]
[Result "1/2-1/2"]
[WhiteElo "2242"]
[BlackElo "2315"]
[PlyCount "38"]
[EventDate "2014.09.13"]

1. c4 c6 2. g3 d5 3. Bg2 Nf6 4. Nf3 dxc4 5. Qc2 Qd5 6. Na3 Be6 7. Nh4 Qd4 8.
Nf5 Bxf5 9. Qxf5 e6 10. Qf3 Nbd7 11. O-O Bc5 12. Nc2 Qd6 13. b4 cxb3 14. Qxb3
Qc7 15. d4 Bd6 16. e4 e5 17. f4 exd4 18. e5 Nxe5 19. fxe5 Bxe5 1/2-1/2

[Event "PRVA LIGA CENTRALNE SRBIJE 2014"]
[Site "Kraljevo"]
[Date "2014.09.15"]
[Round "4.2"]
[White "Zlatanovic, Boroljub"]
[Black "Arandjelovic, Aleksandar Z"]
[Result "1-0"]
[WhiteElo "2402"]
[BlackElo "2068"]
[PlyCount "85"]
[EventDate "2014.09.13"]

1. e4 c5 2. g3 Nc6 3. Bg2 g6 4. Ne2 Bg7 5. c4 d6 6. Nbc3 Bg4 7. f3 Bd7 8. d3 h5
9. h4 a6 10. Rb1 Rb8 11. O-O Nh6 12. Be3 Nd4 13. Qd2 e5 14. b4 Kf8 15. Nd5
Nxe2+ 16. Qxe2 cxb4 17. Bb6 Qe8 18. Bc7 Kg8 19. Bxd6 Kh7 20. Rxb4 Bc6 21. Bxb8
Qxb8 22. Bh3 Bf8 23. Rbb1 Bc5+ 24. Kh2 Qd8 25. f4 Bxd5 26. cxd5 exf4 27. Rxf4
b5 28. Rc1 Qb6 29. e5 Re8 30. e6 fxe6 31. Bxe6 Bd6 32. Re4 Qb8 33. Re3 Qa7 34.
Re4 Qb8 35. Qe3 Rf8 36. Kg2 b4 37. Rec4 Qb7 38. Rc6 Qe7 39. Rxa6 Ng4 40. Qa7
Rf2+ 41. Kg1 Rd2 42. Qxe7+ Bxe7 43. Bxg4 1-0

[Event "PRVA LIGA CENTRALNE SRBIJE 2014"]
[Site "Kraljevo"]
[Date "2014.09.15"]
[Round "4.2"]
[White "Petrovic, Tamara"]
[Black "Pavlovic, Goran"]
[Result "0-1"]
[WhiteElo "1691"]
[BlackElo "2389"]
[PlyCount "58"]
[EventDate "2014.09.13"]

1. Nf3 Nf6 2. c4 g6 3. Nc3 Bg7 4. e4 d6 5. d4 O-O 6. Be2 c5 7. O-O Nc6 8. d5
Na5 9. Qc2 e5 10. Bd2 b6 11. Qc1 Bg4 12. b3 Ne8 13. Bg5 Qd7 14. Qd1 f5 15. Nd2
Bxe2 16. Qxe2 h6 17. exf5 hxg5 18. fxg6 Qf5 19. Nde4 Qxg6 20. Qg4 Rf5 21. Rae1
Nf6 22. Nxf6+ Bxf6 23. Ne4 Be7 24. Re3 Rd8 25. Rfe1 Rf4 26. Qe2 Rdf8 27. Rg3
Nb7 28. Rg4 Qf5 29. Rg3 Rxe4 0-1

[Event "PRVA LIGA CENTRALNE SRBIJE 2014"]
[Site "Kraljevo"]
[Date "2014.09.15"]
[Round "4.2"]
[White "Radovanovic, Nikola"]
[Black "Petrovic, Tijana"]
[Result "1-0"]
[WhiteElo "2348"]
[BlackElo "1740"]
[PlyCount "63"]
[EventDate "2014.09.13"]

1. d4 Nf6 2. c4 e6 3. a3 c5 4. dxc5 Bxc5 5. Nf3 O-O 6. e3 Be7 7. Nc3 a6 8. Be2
Qc7 9. O-O b6 10. b4 Bb7 11. Bb2 Ng4 12. g3 Nc6 13. Nd2 f5 14. Bf3 Nce5 15.
Bxb7 Qxb7 16. Qe2 Rf6 17. f3 Nh6 18. Nd1 d6 19. f4 Nd7 20. Bxf6 Bxf6 21. Rc1
Rc8 22. Qd3 d5 23. Nf2 dxc4 24. Nxc4 Rd8 25. Qe2 Nf7 26. Rfd1 e5 27. Nd6 Nxd6
28. Rxd6 a5 29. Rcd1 axb4 30. axb4 Be7 31. R6d5 Bxb4 32. Qb5 1-0

[Event "PRVA LIGA CENTRALNE SRBIJE 2014"]
[Site "Kraljevo"]
[Date "2014.09.15"]
[Round "4.2"]
[White "Djokic, Nebojsa"]
[Black "Radovic, Luka"]
[Result "1/2-1/2"]
[WhiteElo "2180"]
[BlackElo "2210"]
[PlyCount "93"]
[EventDate "2014.09.13"]

1. e4 c5 2. Nf3 d6 3. d4 cxd4 4. Nxd4 Nf6 5. Nc3 a6 6. Be3 e5 7. Nb3 Be6 8. Be2
Be7 9. Nd5 Bxd5 10. exd5 Nbd7 11. Qd3 O-O 12. O-O Qc7 13. c4 b6 14. Qf5 Nc5 15.
Nxc5 bxc5 16. Bd3 g6 17. Qh3 Qd7 18. Qxd7 Nxd7 19. b3 f5 20. f3 Bf6 21. Rae1 a5
22. a4 Kg7 23. Bd2 h6 24. Bc2 Bg5 25. Bc3 Bf6 26. Bd2 Ra7 27. g3 Bd8 28. Bc3
Kh7 29. Kg2 Nf6 30. g4 fxg4 31. fxg4 Raf7 32. h3 h5 33. Bd1 Kg7 34. Rf2 hxg4
35. hxg4 Nh7 36. Ref1 Nf6 37. Rh1 Ne4 38. Rxf7+ Rxf7 39. Be1 Rf4 40. Rf1 g5 41.
Bc2 Nf6 42. Bf5 Nxg4 43. Rxf4 Ne3+ 44. Kf3 gxf4 45. Bd3 Nd1 46. Bd2 Kf6 47. Bc2
1/2-1/2

[Event "PRVA LIGA CENTRALNE SRBIJE 2014"]
[Site "Kraljevo"]
[Date "2014.09.15"]
[Round "4.2"]
[White "Radovic, Janko"]
[Black "Madjar, Stanislav"]
[Result "1/2-1/2"]
[WhiteElo "2125"]
[BlackElo "2162"]
[PlyCount "52"]
[EventDate "2014.09.13"]

1. e4 Nf6 2. e5 Nd5 3. d4 d6 4. Bc4 c6 5. Nf3 dxe5 6. Nxe5 Nd7 7. O-O Nxe5 8.
dxe5 Bf5 9. Qe2 e6 10. Rd1 Qb6 11. Bd3 Bg6 12. c4 Nb4 13. Bxg6 hxg6 14. Bg5 Na6
15. Nc3 Nc5 16. Rd2 Be7 17. Be3 Qc7 18. Bxc5 Bxc5 19. Rad1 Rh5 20. Rd7 Qxe5 21.
Qxe5 Rxe5 22. Rxb7 Rd8 23. Rxd8+ Kxd8 24. Kf1 Ke8 25. Na4 Bd4 26. Rc7 Ra5
1/2-1/2

[Event "PRVA LIGA CENTRALNE SRBIJE 2014"]
[Site "Kraljevo"]
[Date "2014.09.15"]
[Round "4.2"]
[White "Ilic, Aleksandar"]
[Black "Lazic, Dragoljub"]
[Result "1/2-1/2"]
[WhiteElo "2114"]
[BlackElo "2254"]
[PlyCount "120"]
[EventDate "2014.09.13"]

1. e4 c5 2. Nf3 d6 3. d4 cxd4 4. Nxd4 Nf6 5. Nc3 a6 6. Be3 e5 7. Nb3 Be6 8. f3
Be7 9. Qd2 Nbd7 10. O-O-O b5 11. g4 O-O 12. g5 b4 13. Ne2 Ne8 14. f4 a5 15. f5
a4 16. Nbd4 exd4 17. Nxd4 b3 18. Kb1 bxc2+ 19. Nxc2 Bb3 20. axb3 axb3 21. Na3
Ne5 22. f6 gxf6 23. gxf6 Nxf6 24. Bh6 Re8 25. Qg2+ Ng6 26. h4 d5 27. h5 Bxa3
28. hxg6 fxg6 29. bxa3 Nxe4 30. Qb2 Qc7 31. Rc1 Qe7 32. Bg2 Rxa3 33. Qd4 Ra5
34. Bh3 Qf6 35. Be6+ Kh8 36. Rhd1 Rea8 37. Qxf6+ Nxf6 38. Rc8+ Rxc8 39. Bxc8
Ra8 40. Rc1 Ng8 41. Bf4 Kg7 42. Bb7 Rd8 43. Rc7+ Kf6 44. Rxh7 Ne7 45. Bd2 Nf5
46. Ba5 Rd6 47. Bc7 Re6 48. Bxd5 Re1+ 49. Kb2 Kg5 50. Ba5 Re2+ 51. Kxb3 Kg4 52.
Bb6 Re5 53. Bc4 Re7 54. Rxe7 Nxe7 55. Kc3 Nf5 56. Kd3 Kf4 57. Bc7+ Kf3 58. Bd5+
Kg4 59. Bf7 Kg5 60. Ke4 Kf6 1/2-1/2

[Event "PRVA LIGA CENTRALNE SRBIJE 2014"]
[Site "Kraljevo"]
[Date "2014.09.15"]
[Round "4.3"]
[White "Pancevski, Filip"]
[Black "Iordachescu, Viorel"]
[Result "1/2-1/2"]
[WhiteElo "2469"]
[BlackElo "2603"]
[PlyCount "70"]
[EventDate "2014.09.13"]

1. e4 c6 2. d3 d5 3. Nd2 g6 4. Ngf3 Bg7 5. g3 e5 6. Bg2 Ne7 7. O-O O-O 8. Re1
Nd7 9. b3 d4 10. a4 c5 11. Nc4 b6 12. Rf1 Bb7 13. h4 Qc7 14. h5 gxh5 15. Nh4 f5
16. Bg5 Nf6 17. Bxf6 Rxf6 18. exf5 Bxg2 19. Kxg2 Nxf5 20. Qxh5 Raf8 21. Nxf5
Rxf5 22. Qe2 Qc6+ 23. Kg1 h5 24. Nd2 h4 25. Ne4 Qg6 26. Kg2 Rf3 27. Nd2 R3f4
28. Rae1 R8f7 29. Ne4 Bh6 30. Rh1 Rxf2+ 31. Nxf2 Qxg3+ 32. Kf1 Kf8 33. Rg1 Qh3+
34. Rg2 Qh1+ 35. Rg1 Qh3+ 1/2-1/2

[Event "PRVA LIGA CENTRALNE SRBIJE 2014"]
[Site "Kraljevo"]
[Date "2014.09.15"]
[Round "4.3"]
[White "Milanovic, Danilo"]
[Black "Zajic, Milan"]
[Result "0-1"]
[WhiteElo "2481"]
[BlackElo "2426"]
[PlyCount "70"]
[EventDate "2014.09.13"]

1. Nf3 d5 2. c4 c6 3. e3 Nf6 4. Nc3 Bg4 5. cxd5 Bxf3 6. Qxf3 cxd5 7. d4 e6 8.
Bd3 Nc6 9. O-O Be7 10. Qh3 O-O 11. f4 h5 12. Bd2 g6 13. Rac1 Kg7 14. Qf3 Re8
15. Qe2 Qd7 16. Rfd1 Bd6 17. Be1 Rec8 18. Nb1 a6 19. Nd2 Nb4 20. Bb1 Rxc1 21.
Rxc1 Rc8 22. Rc3 Rxc3 23. bxc3 Nc6 24. c4 Bb4 25. c5 Na5 26. Bc2 Qc7 27. Ba4 b6
28. Qxa6 bxc5 29. Qb5 Bxd2 30. Bxd2 Nc4 31. Bc3 Nxe3 32. dxc5 Qxf4 33. Qd3 Neg4
34. Qd4 Qxh2+ 35. Kf1 e5 0-1

[Event "PRVA LIGA CENTRALNE SRBIJE 2014"]
[Site "Kraljevo"]
[Date "2014.09.15"]
[Round "4.3"]
[White "Mladenovic, Stefan"]
[Black "Kostic, Vladimir G"]
[Result "0-1"]
[WhiteElo "2336"]
[BlackElo "2399"]
[PlyCount "126"]
[EventDate "2014.09.13"]

1. d4 d5 2. Nf3 c6 3. e3 Bg4 4. c4 e6 5. Nc3 Nd7 6. h3 Bh5 7. Bd2 Be7 8. e4
dxe4 9. Nxe4 Ngf6 10. Ng3 Bg6 11. Be2 Bd6 12. O-O Qc7 13. Qb3 c5 14. d5 exd5
15. cxd5 O-O 16. Nh4 Rfe8 17. Rae1 Ne4 18. Nxe4 Bxe4 19. Bd3 Nf6 20. Bg5 Bxd5
21. Qc2 c4 22. Bf5 Be5 23. Bxf6 Bxf6 24. Bxh7+ Kf8 25. Be4 Be6 26. Nf3 Rad8 27.
Bf5 Bd5 28. Bg4 g6 29. Rxe8+ Rxe8 30. Qd2 Rd8 31. Qh6+ Bg7 32. Qg5 Qe7 33. Qf4
Qd6 34. Qg5 Qf6 35. Qe3 Qb6 36. Qg5 Qf6 37. Qe3 Qxb2 38. Qc5+ Kg8 39. Rd1 Bf8
40. Qc7 Qb6 41. Qxb6 axb6 42. Ne1 Re8 43. Nc2 Bc6 44. Ne3 b5 45. Bd7 Ra8 46.
Bxc6 bxc6 47. Rd2 Bh6 48. Rc2 Re8 49. Ng4 Re1+ 50. Kh2 Bg7 51. Kg3 Bd4 52. Kf3
c3 53. Ne3 Bxe3 54. fxe3 b4 55. Ke4 Rd1 56. Kf3 c5 57. Ke2 Rd8 58. e4 Kg7 59.
Ke3 Kf6 60. h4 Ke5 61. g4 c4 62. Rc1 Rd3+ 63. Ke2 Kxe4 0-1

[Event "PRVA LIGA CENTRALNE SRBIJE 2014"]
[Site "Kraljevo"]
[Date "2014.09.15"]
[Round "4.3"]
[White "Bozic, Milan"]
[Black "Cvetanovic, Uros"]
[Result "1-0"]
[WhiteElo "2412"]
[BlackElo "2323"]
[PlyCount "123"]
[EventDate "2014.09.13"]

1. Nf3 Nf6 2. c4 Nc6 3. Nc3 e5 4. d3 Bc5 5. Bg5 h6 6. Bh4 g5 7. Bg3 d6 8. e3
Bb4 9. Nd2 Bg4 10. Be2 Bxe2 11. Qxe2 Bxc3 12. bxc3 Qd7 13. d4 Qg4 14. f3 Qd7
15. d5 Ne7 16. h4 O-O-O 17. h5 Rhg8 18. e4 Rde8 19. Bf2 g4 20. Be3 Nh7 21. c5
f5 22. cxd6 Qxd6 23. Nc4 Qa6 24. O-O-O Kb8 25. Rhe1 gxf3 26. gxf3 fxe4 27. fxe4
Nc8 28. d6 cxd6 29. Nxd6 Qa3+ 30. Qb2 Qxb2+ 31. Kxb2 Rg2+ 32. Kb3 Re6 33. Nxc8
Kxc8 34. Rg1 Rxg1 35. Rxg1 Nf6 36. Rg6 Kd7 37. Rxh6 a6 38. Bg5 Nxe4 39. Rh7+
Kc6 40. Be3 Nf6 41. Rh8 Rd6 42. h6 Rd7 43. Rf8 Nh7 44. Re8 Kd5 45. Kb4 Ke4 46.
Bd4 Rd5 47. Re7 Nf6 48. a4 b5 49. a5 Kf5 50. Bg1 Rd3 51. Ra7 Nd5+ 52. Kc5 Ke4
53. Rxa6 Rxc3+ 54. Kxb5 Nc7+ 55. Kb4 Rc1 56. Rg6 Nd5+ 57. Kb3 Kf5 58. Rg3 Nf6
59. a6 Ra1 60. a7 e4 61. Bd4 Ra6 62. Rg1 1-0

[Event "PRVA LIGA CENTRALNE SRBIJE 2014"]
[Site "Kraljevo"]
[Date "2014.09.15"]
[Round "4.3"]
[White "Brankovic, Dejan"]
[Black "Popovic, Nenad"]
[Result "0-1"]
[WhiteElo "2345"]
[BlackElo "2263"]
[PlyCount "106"]
[EventDate "2014.09.13"]

1. e4 c6 2. d4 d5 3. Nc3 dxe4 4. Nxe4 Nf6 5. Nxf6+ gxf6 6. Nf3 Bg4 7. Be2 e6 8.
c3 Bd6 9. Nh4 Bxe2 10. Qxe2 Qe7 11. O-O h5 12. Re1 Nd7 13. c4 O-O-O 14. c5 Bc7
15. b4 Nb8 16. b5 Qd7 17. Be3 cxb5 18. Reb1 a6 19. a4 bxa4 20. Qf3 Nc6 21. Rxa4
f5 22. g3 Rhg8 23. Ng2 h4 24. Ra2 Qd5 25. Qxd5 Rxd5 26. Rab2 hxg3 27. hxg3 Na5
28. Rb4 Rg4 29. Kf1 Rd7 30. c6 bxc6 31. Nf4 Kd8 32. Ra4 Ke7 33. Rc1 f6 34. Bd2
Nb3 35. Bb4+ Kf7 36. Rxc6 Nxd4 37. Rcxa6 Bxf4 38. gxf4 Rxf4 39. Bc5 Re4 40. Ra7
Rxa7 41. Rxa7+ Kg6 42. Bf8 f4 43. Rg7+ Kf5 44. Rf7 Kg6 45. Rg7+ Kh5 46. Rf7 f5
47. Rg7 f3 48. Bc5 Nb3 49. Be3 f4 50. Bb6 Nd2+ 51. Kg1 Re1+ 52. Kh2 Nf1+ 53.
Kh3 Ne3 0-1

[Event "PRVA LIGA CENTRALNE SRBIJE 2014"]
[Site "Kraljevo"]
[Date "2014.09.15"]
[Round "4.3"]
[White "Komnenic, Branko"]
[Black "Djordjevic, Vuk"]
[Result "0-1"]
[WhiteElo "2255"]
[BlackElo "2265"]
[PlyCount "141"]
[EventDate "2014.09.13"]

1. d4 Nf6 2. Bg5 e6 3. Nf3 c5 4. e3 d5 5. Nbd2 Be7 6. c3 O-O 7. Bd3 Nbd7 8. O-O
b6 9. Qb1 h6 10. Bh4 Bb7 11. a4 a5 12. h3 Qc7 13. e4 cxd4 14. Bg3 Bd6 15. Bxd6
Qxd6 16. cxd4 dxe4 17. Nxe4 Bxe4 18. Bxe4 Rac8 19. Bd3 Nd5 20. b3 Nf4 21. Bc4
Nb8 22. Qe4 Nc6 23. Rad1 Nb4 24. Ne5 Nfd5 25. Qf3 Nf6 26. Rd2 Rc7 27. Rfd1 Rfc8
28. g3 Nbd5 29. Rd3 Nb4 30. R3d2 Rd8 31. Bb5 Qd5 32. Qxd5 Nfxd5 33. Bc4 Nf6 34.
f3 Rd6 35. Kf2 Rc8 36. Be2 Nbd5 37. Nc4 Rdd8 38. Rc1 Ne7 39. Rdd1 Rc6 40. f4
Rb8 41. Bf3 Ned5 42. Re1 Rbc8 43. Re5 g6 44. Ree1 Rd8 45. Re5 Rc7 46. Rce1 h5
47. h4 Kg7 48. Rc1 Rdc8 49. Ree1 Rb8 50. Ra1 Ne7 51. Rad1 Nfd5 52. Ra1 Rd7 53.
Rac1 Rc8 54. Ra1 Ra7 55. Nd6 Rb8 56. Rec1 Rd7 57. Nb5 Nb4 58. Rc4 Nf5 59. Be4
Nd6 60. Nxd6 Rxd6 61. Ke3 Nd5+ 62. Kf3 b5 63. axb5 Rxb5 64. Ra3 Nb6 65. Rc5 Rb4
66. Rcxa5 Rdxd4 67. Bc2 Rd7 68. Rc5 Nd5 69. Ra4 Rdb7 70. Ra1 Nf6 71. Rd1 0-1

[Event "PRVA LIGA CENTRALNE SRBIJE 2014"]
[Site "Kraljevo"]
[Date "2014.09.15"]
[Round "4.4"]
[White "Stankovic, Milos"]
[Black "Marjanovic, Slavoljub"]
[Result "1/2-1/2"]
[WhiteElo "2415"]
[BlackElo "2473"]
[PlyCount "89"]
[EventDate "2014.09.13"]

1. e4 c5 2. Nf3 e6 3. d4 cxd4 4. Nxd4 Nc6 5. Nc3 Qc7 6. Be3 a6 7. Be2 b5 8.
Nxc6 Qxc6 9. Bf3 Bb7 10. e5 Qc7 11. O-O Rd8 12. Bxb7 Qxb7 13. Qd3 d5 14. Ne2
Ne7 15. f4 Rc8 16. Nd4 Nc6 17. f5 Nxd4 18. Bxd4 Qc6 19. c3 Bc5 20. fxe6 Qxe6
21. a4 Bxd4+ 22. cxd4 Qb6 23. axb5 axb5 24. Rf4 O-O 25. Raf1 Rce8 26. Rh4 h6
27. Qg3 Re6 28. Qf2 g5 29. Rh3 f5 30. Rc3 Rc6 31. Rfc1 Rc4 32. b3 Rxc3 33. Rxc3
f4 34. h3 Qg6 35. Qc2 Qe4 36. Qxe4 dxe4 37. d5 Rd8 38. d6 Kf7 39. Rc7+ Kg6 40.
Re7 e3 41. d7 Ra8 42. Kf1 Ra1+ 43. Ke2 Ra2+ 44. Ke1 Ra1+ 45. Ke2 1/2-1/2

[Event "PRVA LIGA CENTRALNE SRBIJE 2014"]
[Site "Kraljevo"]
[Date "2014.09.15"]
[Round "4.4"]
[White "Maksimovic, Branimir"]
[Black "Nestorovic, Dejan"]
[Result "1-0"]
[WhiteElo "2384"]
[BlackElo "2425"]
[PlyCount "59"]
[EventDate "2014.09.13"]

1. d4 Nf6 2. c4 e6 3. Nf3 Bb4+ 4. Nbd2 O-O 5. a3 Be7 6. e4 d5 7. e5 Nfd7 8. Bd3
c5 9. h4 h6 10. Bb1 cxd4 11. Qc2 f5 12. cxd5 exd5 13. Nb3 Nc6 14. Bf4 g5 15.
hxg5 hxg5 16. Nbxd4 Nxd4 17. Nxd4 Qb6 18. Nxf5 Rxf5 19. Qxf5 Nf8 20. e6 Bxe6
21. Qe5 gxf4 22. Rh8+ Kf7 23. Qh5+ Kg7 24. Qh6+ Kf7 25. Qh5+ Kg7 26. Bd3 Bf6
27. Kf1 Bd4 28. Re1 Qxb2 29. Qh6+ Kf7 30. Rxf8+ 1-0

[Event "PRVA LIGA CENTRALNE SRBIJE 2014"]
[Site "Kraljevo"]
[Date "2014.09.15"]
[Round "4.4"]
[White "Bojkovic, Slobodan"]
[Black "Milenkovic, Mladen"]
[Result "1/2-1/2"]
[WhiteElo "2216"]
[BlackElo "2329"]
[PlyCount "100"]
[EventDate "2014.09.13"]

1. e4 c5 2. Nf3 Nc6 3. d4 cxd4 4. Nxd4 Nf6 5. Nc3 g6 6. Bg5 Bg7 7. Nb3 O-O 8.
Qd2 a5 9. a4 d6 10. Bb5 Be6 11. Rd1 Rc8 12. O-O Nb4 13. Nd4 Bd7 14. Rfe1 Ng4
15. Re2 h6 16. Bh4 g5 17. Bg3 Ne5 18. b3 Ng6 19. Bxd7 Qxd7 20. Ncb5 Rfd8 21. c3
Na6 22. Nf5 Nc5 23. Nxg7 Kxg7 24. Nd4 Ne6 25. Nf5+ Kh7 26. c4 Rc5 27. Qb2 Rg8
28. Red2 Nef4 29. f3 Qe6 30. Bf2 Rcc8 31. Qb1 Ne5 32. Be3 Nfg6 33. Rd5 Ra8 34.
Bb6 Nf4 35. R5d2 d5 36. Bd4 dxc4 37. Bxe5 Qxe5 38. bxc4 e6 39. Nd6 Rg7 40. g3
Qc5+ 41. Kh1 Ng6 42. Qxb7 Qe3 43. Rd3 Qf2 44. e5 Rb8 45. Qxb8 Nf4 46. Rg1 Nxd3
47. Qa8 Nxe5 48. Qe4+ f5 49. Qxe5 Qxf3+ 50. Rg2 Qf1+ 1/2-1/2

[Event "PRVA LIGA CENTRALNE SRBIJE 2014"]
[Site "Kraljevo"]
[Date "2014.09.15"]
[Round "4.4"]
[White "Dudukovic, Nikola"]
[Black "Necevski, Aleksandar"]
[Result "1-0"]
[WhiteElo "2341"]
[BlackElo "2270"]
[PlyCount "107"]
[EventDate "2014.09.13"]

1. Nf3 c5 2. c4 Nc6 3. g3 e5 4. d3 g6 5. Bg2 Bg7 6. Nc3 Nge7 7. O-O O-O 8. a3
Rb8 9. Rb1 a5 10. Ne1 d6 11. Nc2 Bd7 12. b4 axb4 13. axb4 Nxb4 14. Nxb4 cxb4
15. Rxb4 Bc6 16. Bg5 h6 17. Bxc6 hxg5 18. Bg2 Nc6 19. Rb5 Nd4 20. Rd5 b5 21.
Nxb5 Nxb5 22. Rxb5 Rxb5 23. cxb5 Qc7 24. Qb3 Rb8 25. Bd5 Bf6 26. Qc4 Qxc4 27.
dxc4 Bd8 28. f4 Bb6+ 29. Kg2 gxf4 30. gxf4 exf4 31. Rxf4 Rf8 32. Rf6 Bc5 33.
Rxg6+ Kh7 34. Rf6 Kg7 35. Rf4 f6 36. Rg4+ Kh7 37. e4 Re8 38. Kf3 Re5 39. Bf7
Rg5 40. Rxg5 fxg5 41. Kg4 Kg7 42. Kxg5 Kxf7 43. Kf5 Be3 44. e5 dxe5 45. Kxe5
Ke7 46. Kd5 Kd7 47. c5 Bf2 48. b6 Be3 49. h4 Bf2 50. h5 Be3 51. c6+ Kc8 52. b7+
Kc7 53. Ke6 Bf4 54. b8=Q+ 1-0

[Event "PRVA LIGA CENTRALNE SRBIJE 2014"]
[Site "Kraljevo"]
[Date "2014.09.15"]
[Round "4.4"]
[White "Perunovic, Ljubivoje"]
[Black "Organdziev, Oliver"]
[Result "0-1"]
[WhiteElo "1915"]
[BlackElo "2302"]
[PlyCount "80"]
[EventDate "2014.09.13"]

1. d4 d5 2. Bf4 Bf5 3. e3 e6 4. Nf3 Nd7 5. Nbd2 h6 6. Be2 Ngf6 7. h3 Be7 8. O-O
O-O 9. Ne5 Nxe5 10. dxe5 Nd7 11. Nf3 c5 12. Bd3 Bxd3 13. cxd3 b5 14. Qe2 Nb6
15. d4 c4 16. Rfc1 Qd7 17. e4 Rfc8 18. exd5 exd5 19. Re1 Qe6 20. Rec1 a5 21.
Kh2 b4 22. g4 a4 23. Qc2 a3 24. bxa3 Rxa3 25. Nd2 Rca8 26. Rcb1 b3 27. Nxb3
cxb3 28. Rxb3 Rxb3 29. Qxb3 Nc4 30. a4 Qb6 31. Qxb6 Nxb6 32. a5 Nc4 33. a6 Ba3
34. Kg3 Rxa6 35. h4 Rb6 36. Re1 Rb3+ 37. Be3 Bb2 38. Kf4 Rd3 39. Kf5 Bxd4 40.
Bxd4 Rf3# 0-1

[Event "PRVA LIGA CENTRALNE SRBIJE 2014"]
[Site "Kraljevo"]
[Date "2014.09.15"]
[Round "4.5"]
[White "Atalik, Suat"]
[Black "Jovanovic, Dusan D"]
[Result "1/2-1/2"]
[WhiteElo "2549"]
[BlackElo "2401"]
[PlyCount "133"]
[EventDate "2014.09.13"]

1. d4 Nf6 2. c4 e6 3. Nc3 Bb4 4. g3 O-O 5. Bg2 d6 6. Bd2 e5 7. a3 Bxc3 8. Bxc3
exd4 9. Bxd4 Nc6 10. Nf3 Nxd4 11. Nxd4 c6 12. O-O a5 13. b4 axb4 14. axb4 Rxa1
15. Qxa1 Re8 16. Rd1 Qe7 17. Rd3 Be6 18. Re3 Qf8 19. Nxe6 Rxe6 20. Rxe6 fxe6
21. Qa7 Qc8 22. e4 Qc7 23. b5 cxb5 24. cxb5 Nd7 25. h4 Kf7 26. Qe3 b6 27. Bf3
Qc5 28. Qf4+ Nf6 29. g4 Ke7 30. g5 Nd7 31. Be2 Qe5 32. Qxe5 dxe5 33. Kg2 Kd6
34. Kf3 Nf8 35. h5 h6 36. gxh6 gxh6 37. Kg3 Ke7 38. f4 Kf6 39. Kf3 Nd7 40. Bd3
Nc5 41. Bc2 Nb7 42. Bb1 Nd6 43. Bd3 Nb7 44. Bb1 Nc5 45. Bc2 exf4 46. Kxf4 e5+
47. Kg4 Ne6 48. Bb3 Nd4 49. Bc4 Ke7 50. Bd5 Kd6 51. Bf7 Kc5 52. Be8 Kc4 53. Bc6
Kd3 54. Bd5 Kc3 55. Bc6 Kc4 56. Bd7 Kb4 57. Bc6 Kc5 58. Be8 Kd6 59. Bf7 Ke7 60.
Bc4 Kf6 61. Bd3 Nb3 62. Bc4 Nd4 63. Bd3 Ne6 64. Bc4 Nc7 65. Kh4 Ne8 66. Bd5 Ke7
67. Kg4 1/2-1/2

[Event "PRVA LIGA CENTRALNE SRBIJE 2014"]
[Site "Kraljevo"]
[Date "2014.09.15"]
[Round "4.5"]
[White "Stojanovic, Dobrisav"]
[Black "Nenezic, Marko"]
[Result "0-1"]
[WhiteElo "2367"]
[BlackElo "2424"]
[PlyCount "118"]
[EventDate "2014.09.13"]

1. d4 Nf6 2. c4 g6 3. Nc3 Bg7 4. e4 d6 5. Nf3 O-O 6. Be2 Na6 7. O-O e5 8. Be3
Ng4 9. Bg5 Qe8 10. c5 exd4 11. Nd5 Be6 12. Ne7+ Kh8 13. Nxd4 Nxc5 14. Nxe6 Nxe6
15. Bxg4 Nxg5 16. Nd5 Qd8 17. Qc2 c6 18. Nc3 Ne6 19. Rad1 Qe7 20. Rfe1 Rad8 21.
Re3 Qg5 22. Bxe6 fxe6 23. Qb3 Qe7 24. Qa3 Qc7 25. Red3 Qb6 26. R1d2 Be5 27. g3
g5 28. Kg2 c5 29. Qa4 a6 30. Qc4 Rde8 31. a4 Rf6 32. Rf3 Rxf3 33. Kxf3 Qd8 34.
Kg2 Qf6 35. Nd1 Bd4 36. Qe2 Qe5 37. Qg4 Rf8 38. a5 Qf6 39. Rd3 Bxf2 40. Rxd6
Bd4 41. Qe2 Qe7 42. e5 Rf5 43. Rb6 c4 44. Qxc4 Bxb6 45. axb6 Rxe5 46. Qd4 Qf6
47. Ne3 g4 48. Kg1 h5 49. Qc3 Kg7 50. Qc7+ Kh6 51. Qc3 Qg7 52. Ng2 Rf5 53. Qe3+
Kh7 54. Qe4 Qxb2 55. Qxb7+ Kh6 56. Nf4 Qc1+ 57. Kg2 Qd2+ 58. Kf1 Re5 59. Ne2
Qd1+ 0-1